HANDBOOK OF PRACTICLE ELECTROTHERAPY (Record no. 8183)

MARC details
000 -LEADER
fixed length control field 00459nam a22001817a 4500
005 - DATE AND TIME OF LATEST TRANSACTION
control field 20230111115617.0
008 - FIXED-LENGTH DATA ELEMENTS--GENERAL INFORMATION
fixed length control field 221221b |||||||| |||| 00| 0 eng d
020 ## - INTERNATIONAL STANDARD BOOK NUMBER
ISBN 81-8061-6207
041 ## - LANGUAGE CODE
Language code of text/sound track or separate title eng
082 ## - DEWEY DECIMAL CLASSIFICATION NUMBER
Classification number 615.8 MIT-H
100 ## - MAIN ENTRY--AUTHOR NAME
Personal name MITRA , PUSHPAL KUMAR
245 ## - TITLE STATEMENT
Title HANDBOOK OF PRACTICLE ELECTROTHERAPY
250 ## - EDITION STATEMENT
Edition statement 1st ed.
260 ## - PUBLICATION, DISTRIBUTION, ETC. (IMPRINT)
Place of publication NEW DELHI
Name of publisher JAYPEE BROTHERS
Year of publication 2006
300 ## - PHYSICAL DESCRIPTION
Number of Pages 151;P.
650 ## - SUBJECT ADDED ENTRY--TOPICAL TERM
Topical Term BPT
942 ## - ADDED ENTRY ELEMENTS (KOHA)
Koha item type Books
Holdings
Lost status Damaged status Collection code Home library Current library Shelving location Date acquired Source of acquisition Cost, normal purchase price Full call number Accession Number Koha item type
    PHYSIOTHERAPY JRU Library JRU Library SHELF-20-B 19/10/2022 LOHIA BOOK INTERNATIONAL 895.00 615.8-MIT-H 27270 Books
    Reference JRU Library JRU Library SHELF-3-B 19/10/2022 LOHIA BOOK INTERNATIONAL 895.00 615.8-MIT-H 27271 Books